| 000 | 01547cam a22003614a 4500 | ||
|---|---|---|---|
| 090 | _c10113 | ||
| 001 | 12762845 | ||
| 005 | 20030822072150.0 | ||
| 008 | 020502s2003 enka b 001 0 eng | ||
| 010 | _a 2002067712 | ||
| 020 | _a0521816726 | ||
| 020 | _a0521016924 (pbk.) | ||
| 040 |
_aDLC _cDLC _dDLC |
||
| 042 | _apcc | ||
| 050 | 0 | 0 |
_aHC79.E5 _bS29245 2003 |
| 082 | 0 | 0 |
_a363.735 _221 _bSCR |
| 100 | 1 |
_aScruggs, Lyle, _d1968- |
|
| 245 | 1 | 0 |
_aSustaining abundance : _benvironmental performance in industrial democracies / _cLyle Scruggs. |
| 260 |
_aCambridge, UK ; _aNew York : _bCambridge University Press, _cc.2003. |
||
| 300 |
_axiv, 252 p. : _bill. ; _c24 cm. |
||
| 440 | 0 | _aCambridge studies in comparative politics | |
| 504 | _aIncludes bibliographical references (p. 229-243) and index. | ||
| 650 | 0 | _aEnvironmental policy. | |
| 650 | 0 | _aSustainable development. | |
| 650 | 0 | _aEnvironmental economics. | |
| 856 | 4 | 1 |
_3Sample text _uhttp://www.loc.gov/catdir/samples/cam033/2002067712.html |
| 856 | 4 | 2 |
_3Publisher description _uhttp://www.loc.gov/catdir/description/cam031/2002067712.html |
| 856 | 4 | 1 |
_3Table of contents _uhttp://www.loc.gov/catdir/toc/cam031/2002067712.html |
| 906 |
_a7 _bcbc _corignew _d1 _eocip _f20 _gy-gencatlg |
||
| 942 |
_2ddc _cARCH |
||
| 999 |
_c10113 _d10113 |
||